00497nam a2200217Ia 450000500170000000800460001702000180006303700100008104000080009104000080009904000080010704100080011504100080012308400080013110000130013924500320015226000310018426000090021565000150022485600400023920260306164127.0008 260114s9999 xx 000 0 eng d a9781400846368 aEBOOK aCRL beng cCRL 2eng aeng qCRL aPhillips 0aOur Bodies, Whose Property? bPrinceton University Press c2017 aPhilosophy uhttps://academic.oup.com/book/21038